000
00311nam a22001337a 4500
005
20240130115657.0
008
240130b |||||||| |||| 00| 0 eng d
020
_a
NO
041
_a
eng
245
_a
A COMPENDIUM OF READINGS ON MANAGEMENT
260
_b
STEEL AUTHORITY OF INDIA
300
_e
220;P
942
_c
BK
999
_c
8507
_d
8505